LEADER 01950oas 2200745 a 450 001 9910339574103321 005 20250918213016.0 011 $a2163-1786 035 $a(OCoLC)52289693 035 $a(CONSER) 2010253024 035 $a(CKB)954921373675 035 $a(EXLCZ)99954921373675 100 $a20030521b19782001 sy a 101 0 $aeng 135 $aurun||||||||| 181 $ctxt$2rdacontent 182 $cc$2rdamedia 183 $acr$2rdacarrier 200 10$aCPCU journal 210 $a[Malvern, Pa.] $cSociety of Chartered Property and Casualty Underwriters 311 08$a0162-2706 517 3 $aChartered Property and Casualty Underwriters journal 517 3 $aJournal 606 $aProperty insurance$vPeriodicals 606 $aCasualty insurance$vPeriodicals 606 $aAssurance de biens$vPeriodique 606 $aAssurance-dommages$vPeriodique 606 $aCasualty insurance$2fast$3(OCoLC)fst01715790 606 $aProperty insurance$2fast$3(OCoLC)fst01715900 608 $aPeriodicals.$2fast 608 $aPeriodicals.$2lcgft 615 0$aProperty insurance 615 0$aCasualty insurance 615 6$aAssurance de biens 615 6$aAssurance-dommages 615 7$aCasualty insurance. 615 7$aProperty insurance. 676 $a368/.005 712 02$aSociety of Chartered Property and Casualty Underwriters. 801 0$bTXU 801 1$bTXU 801 2$bOCLCQ 801 2$bOCLCS 801 2$bOCLCA 801 2$bAU@ 801 2$bIUL 801 2$bWAU 801 2$bM6U 801 2$bOCLCQ 801 2$bDLC 801 2$bOCLCQ 801 2$bOCLCF 801 2$bOCLCO 801 2$bOCLCQ 801 2$bDLC 801 2$bS2H 801 2$bOCLCO 801 2$bDYJ 801 2$bOCLCQ 801 2$bIOY 801 2$bOCLCL 906 $aJOURNAL 912 $a9910339574103321 996 $aCPCU journal$92327400 997 $aUNINA